000 00559nam a2200181Ia 4500
008 220216s9999 xx 000 0 und d
100 _aRatnam C T
245 0 _aElectron-beam irradiation of poly(vinyl chloride)/epoxidised natural rubber blends in presence of trimethylolpropane triacrylate
260 _bJournal of Applied Polymer Science
_c2001
300 _a1926-35
500 _aSource Year: 2001
650 _aElectron-beam irradiation
700 _aBaharin A
700 _aNasir M
700 _aZaman K
856 _uRAPRA.39(12)
942 _cJS
999 _c58535
_d58535